[Event "DVM U16 2018"]
[Site "Aurich GER"]
[Date "2018.12.27"]
[Round "2"]
[White "Kopylov, Daniel"]
[Black "Köllner, Ruben Gideon"]
[Result "1/2-1/2"]
[Termination "normal"]
[Board "2.1"]
[WhiteElo "2239"]
[BlackElo "2242"]
[WhiteClock "00:02:20"]
[BlackClock "00:03:10"]
[WhiteTeam "TuRa Harksheide Norderstedt"]
[BlackTeam "SG Bochum"]
[PlyCount "82"]
[WhiteFideId "12921971"]
[BlackFideId "12993093"]
[EventCountry "GER"]
[EventRounds "7"]
[EventType "team-swiss"]
[EventDate "2018.12.26"]

1. e4 {[%clk 01:30:56]} {[%emt 00:00:03]} e5 {[%clk 01:30:56]} {[%emt
00:00:05]} 2. Nf3 {[%clk 01:31:11]} {[%emt 00:00:14]} Nc6 {[%clk 01:31:19]}
{[%emt 00:00:06]} 3. Nc3 {[%clk 01:30:42]} {[%emt 00:00:59]} Nf6 {[%clk
01:31:08]} {[%emt 00:00:42]} 4. d4 {[%clk 01:30:28]} {[%emt 00:00:45]} exd4
{[%clk 01:30:58]} {[%emt 00:00:40]} 5. Nxd4 {[%clk 01:30:53]} {[%emt 00:00:05]}
Bb4 {[%clk 01:31:13]} {[%emt 00:00:14]} 6. Nxc6 {[%clk 01:30:53]} {[%emt
00:00:30]} bxc6 {[%clk 01:31:06]} {[%emt 00:00:37]} 7. Bd3 {[%clk 01:30:59]}
{[%emt 00:00:24]} O-O {[%clk 01:29:37]} {[%emt 00:01:58]} 8. O-O {[%clk
01:31:08]} {[%emt 00:00:21]} Re8 {[%clk 01:28:00]} {[%emt 00:02:06]} 9. Bg5
{[%clk 01:28:31]} {[%emt 00:03:08]} h6 {[%clk 01:26:14]} {[%emt 00:02:16]} 10.
Bh4 {[%clk 01:12:49]} {[%emt 00:16:13]} d6 {[%clk 01:18:43]} {[%emt 00:08:00]}
11. f4 {[%clk 01:05:28]} {[%emt 00:07:51]} Bb7 {[%clk 00:47:53]} {[%emt
00:31:19]} 12. Qf3 {[%clk 01:01:38]} {[%emt 00:04:20]} Bxc3 {[%clk 00:45:14]}
{[%emt 00:03:09]} 13. bxc3 {[%clk 01:01:39]} {[%emt 00:00:30]} c5 {[%clk
00:45:38]} {[%emt 00:00:06]} 14. Rae1 {[%clk 00:58:02]} {[%emt 00:04:07]} Qe7
{[%clk 00:42:14]} {[%emt 00:03:52]} 15. Qg3 {[%clk 00:47:57]} {[%emt 00:10:37]}
c4 {[%clk 00:34:34]} {[%emt 00:08:10]} 16. Bxc4 {[%clk 00:39:38]} {[%emt
00:08:49]} Bxe4 {[%clk 00:34:33]} {[%emt 00:00:30]} 17. Bd5 {[%clk 00:37:56]}
{[%emt 00:02:13]} Nxd5 {[%clk 00:24:34]} {[%emt 00:10:28]} 18. Bxe7 {[%clk
00:37:56]} {[%emt 00:00:31]} Rxe7 {[%clk 00:24:59]} {[%emt 00:00:05]} 19. Qf2
{[%clk 00:37:29]} {[%emt 00:00:57]} f5 {[%clk 00:24:45]} {[%emt 00:00:44]} 20.
Qd4 {[%clk 00:35:03]} {[%emt 00:02:56]} Nb6 {[%clk 00:23:08]} {[%emt 00:02:05]}
21. g4 {[%clk 00:29:41]} {[%emt 00:05:54]} d5 {[%clk 00:20:46]} {[%emt
00:02:51]} 22. gxf5 {[%clk 00:27:15]} {[%emt 00:02:57]} Kh7 {[%clk 00:18:10]}
{[%emt 00:03:05]} 23. Qc5 {[%clk 00:20:33]} {[%emt 00:07:13]} Rae8 {[%clk
00:13:43]} {[%emt 00:04:56]} 24. Kf2 {[%clk 00:12:21]} {[%emt 00:08:42]} Rf7
{[%clk 00:11:24]} {[%emt 00:02:48]} 25. Rg1 {[%clk 00:08:04]} {[%emt 00:04:49]}
a6 {[%clk 00:04:50]} {[%emt 00:07:03]} 26. Qc6 {[%clk 00:06:03]} {[%emt
00:02:02]} Ree7 {[%clk 00:04:48]} {[%emt 00:00:31]} 27. Rg3 {[%clk 00:04:23]}
{[%emt 00:02:40]} Rf6 {[%clk 00:02:56]} {[%emt 00:02:21]} 28. Qc5 {[%clk
00:03:21]} {[%emt 00:01:33]} Ref7 {[%clk 00:03:18]} {[%emt 00:00:08]} 29. Reg1
{[%clk 00:03:06]} {[%emt 00:00:45]} Bxf5 {[%clk 00:01:36]} {[%emt 00:02:12]}
30. Qd4 {[%clk 00:03:18]} {[%emt 00:00:19]} g6 {[%clk 00:01:40]} {[%emt
00:00:25]} 31. Ke1 {[%clk 00:01:00]} {[%emt 00:02:49]} Bxc2 {[%clk 00:01:20]}
{[%emt 00:00:48]} 32. Kd2 {[%clk 00:00:46]} {[%emt 00:00:45]} Be4 {[%clk
00:01:26]} {[%emt 00:00:23]} 33. Rf1 {[%clk 00:01:15]} {[%emt 00:00:02]} Nc4+
{[%clk 00:01:41]} {[%emt 00:00:15]} 34. Ke2 {[%clk 00:00:42]} {[%emt 00:01:03]}
Rb6 {[%clk 00:01:24]} {[%emt 00:00:46]} 35. Kf2 {[%clk 00:01:02]} {[%emt
00:00:11]} Rxf4+ {[%clk 00:01:24]} {[%emt 00:00:30]} 36. Kg1 {[%clk 00:01:21]}
{[%emt 00:00:11]} Rxf1+ 37. Kxf1 {[%clk 00:01:50]} Rb1+ {[%clk 00:01:58]}
{[%emt 00:00:07]} 38. Kf2 {[%clk 00:01:50]} {[%emt 00:00:30]} Rb2+ {[%clk
00:02:19]} {[%emt 00:00:08]} 39. Kg1 {[%clk 00:02:01]} {[%emt 00:00:20]} Rb1+
{[%clk 00:02:42]} {[%emt 00:00:06]} 40. Kf2 {[%clk 00:02:24]} {[%emt 00:00:08]}
Rb2+ {[%clk 00:03:07]} {[%emt 00:00:04]} 41. Kg1 {[%clk 00:02:20]} {[%emt
00:00:35]} Rb1+ {[%clk 00:03:10]} {[%emt 00:00:26]} 1/2-1/2

[Event "DVM U16 2018"]
[Site "Aurich GER"]
[Date "2018.12.27"]
[Round "2"]
[White "Biermann, Lenhard"]
[Black "Hovhannisyan, Artur"]
[Result "0-1"]
[Termination "normal"]
[Board "2.2"]
[WhiteElo "2108"]
[BlackElo "2104"]
[WhiteClock "00:27:23"]
[BlackClock "00:34:31"]
[WhiteTeam "SG Bochum"]
[BlackTeam "TuRa Harksheide Norderstedt"]
[PlyCount "112"]
[WhiteFideId "12970077"]
[BlackFideId "12986062"]
[EventCountry "GER"]
[EventRounds "7"]
[EventType "team-swiss"]
[EventDate "2018.12.26"]

1. d4 {[%clk 01:30:58]} {[%emt 00:00:02]} Nf6 {[%clk 01:30:56]} {[%emt
00:00:04]} 2. Nf3 {[%clk 01:31:23]} {[%emt 00:00:04]} e6 {[%clk 01:31:22]}
{[%emt 00:00:04]} 3. c4 {[%clk 01:31:48]} {[%emt 00:00:05]} c5 {[%clk
01:31:49]} {[%emt 00:00:04]} 4. g3 {[%clk 01:17:26]} {[%emt 00:14:51]} cxd4
{[%clk 01:31:51]} {[%emt 00:00:28]} 5. Nxd4 {[%clk 01:17:47]} {[%emt 00:00:09]}
d5 {[%clk 01:32:10]} {[%emt 00:00:12]} 6. Bg2 {[%clk 01:17:16]} {[%emt
00:01:01]} Nc6 {[%clk 01:32:28]} {[%emt 00:00:12]} 7. cxd5 {[%clk 01:17:02]}
{[%emt 00:00:43]} Nxd5 {[%clk 01:29:29]} {[%emt 00:03:29]} 8. Nxc6 {[%clk
01:16:03]} {[%emt 00:01:28]} bxc6 {[%clk 01:29:57]} {[%emt 00:00:02]} 9. O-O
{[%clk 01:16:23]} {[%emt 00:00:10]} Ba6 {[%clk 01:28:48]} {[%emt 00:01:39]} 10.
Qc2 {[%clk 01:12:09]} {[%emt 00:04:44]} Qb6 {[%clk 01:28:08]} {[%emt 00:01:10]}
11. a3 {[%clk 01:11:32]} {[%emt 00:01:08]} Bc5 {[%clk 01:25:25]} {[%emt
00:03:12]} 12. Nc3 {[%clk 00:48:16]} {[%emt 00:23:46]} Nxc3 {[%clk 01:24:59]}
{[%emt 00:00:57]} 13. bxc3 {[%clk 00:48:41]} {[%emt 00:00:05]} O-O {[%clk
01:24:00]} {[%emt 00:01:28]} 14. Rb1 {[%clk 00:46:53]} {[%emt 00:02:18]} Qa5
{[%clk 01:16:48]} {[%emt 00:07:43]} 15. c4 {[%clk 00:40:17]} {[%emt 00:07:05]}
Rab8 {[%clk 00:49:28]} {[%emt 00:27:51]} 16. Bf4 {[%clk 00:22:41]} {[%emt
00:18:05]} Rxb1 {[%clk 00:48:47]} {[%emt 00:01:11]} 17. Rxb1 {[%clk 00:23:01]}
{[%emt 00:00:11]} Qxa3 {[%clk 00:42:25]} {[%emt 00:06:52]} 18. Bxc6 {[%clk
00:22:50]} {[%emt 00:00:41]} Bd4 {[%clk 00:42:06]} {[%emt 00:00:49]} 19. Qe4
{[%clk 00:16:40]} {[%emt 00:06:39]} Qc5 {[%clk 00:41:19]} {[%emt 00:01:18]} 20.
e3 {[%clk 00:17:01]} {[%emt 00:00:08]} Bf6 {[%clk 00:41:15]} {[%emt 00:00:34]}
21. Bb5 {[%clk 00:17:21]} {[%emt 00:00:11]} Bxb5 {[%clk 00:30:28]} {[%emt
00:11:17]} 22. Rxb5 {[%clk 00:17:44]} {[%emt 00:00:06]} Qa3 {[%clk 00:30:43]}
{[%emt 00:00:15]} 23. Kg2 {[%clk 00:16:06]} {[%emt 00:02:08]} a6 {[%clk
00:26:30]} {[%emt 00:04:44]} 24. Rh5 {[%clk 00:16:01]} {[%emt 00:00:34]} g6
{[%clk 00:26:20]} {[%emt 00:00:41]} 25. Rh3 {[%clk 00:11:00]} {[%emt 00:05:30]}
Qc5 {[%clk 00:25:52]} {[%emt 00:00:58]} 26. g4 {[%clk 00:09:12]} {[%emt
00:02:18]} Rc8 {[%clk 00:25:54]} {[%emt 00:00:28]} 27. Qf3 {[%clk 00:08:17]}
{[%emt 00:01:25]} Qxc4 {[%clk 00:25:09]} {[%emt 00:01:15]} 28. g5 {[%clk
00:08:11]} {[%emt 00:00:36]} Bg7 {[%clk 00:25:01]} {[%emt 00:00:39]} 29. Rh4
{[%clk 00:07:48]} {[%emt 00:00:53]} Qd3 {[%clk 00:15:33]} {[%emt 00:09:58]} 30.
Bg3 {[%clk 00:01:24]} {[%emt 00:06:53]} Rc1 {[%clk 00:14:37]} {[%emt 00:01:27]}
31. Qa8+ {[%clk 00:01:14]} {[%emt 00:00:40]} Bf8 {[%clk 00:15:06]} 32. Kh3
{[%clk 00:01:29]} {[%emt 00:00:15]} Rg1 {[%clk 00:12:26]} {[%emt 00:03:11]} 33.
e4 {[%clk 00:01:02]} {[%emt 00:00:56]} Qf3 {[%clk 00:05:30]} {[%emt 00:07:26]}
34. Rf4 {[%clk 00:00:37]} {[%emt 00:00:55]} Qh5+ {[%clk 00:05:19]} {[%emt
00:00:41]} 35. Rh4 {[%clk 00:00:52]} {[%emt 00:00:16]} Qxg5 {[%clk 00:05:31]}
{[%emt 00:00:18]} 36. Qxa6 {[%clk 00:00:58]} {[%emt 00:00:24]} h5 {[%clk
00:04:51]} {[%emt 00:01:10]} 37. Qd3 {[%clk 00:01:03]} {[%emt 00:00:25]} Qc1
{[%clk 00:03:49]} {[%emt 00:01:33]} 38. Rf4 {[%clk 00:00:40]} {[%emt 00:00:53]}
e5 {[%clk 00:03:58]} {[%emt 00:00:21]} 39. Rxf7 {[%clk 00:00:38]} {[%emt
00:00:32]} Rxg3+ {[%clk 00:03:27]} {[%emt 00:01:01]} 40. Qxg3 {[%clk 00:00:35]}
{[%emt 00:00:33]} Kxf7 {[%clk 00:03:28]} {[%emt 00:00:28]} 41. Qxe5 {[%clk
00:30:25]} {[%emt 00:01:10]} Qf1+ {[%clk 00:33:01]} {[%emt 00:01:27]} 42. Kg3
{[%clk 00:30:22]} {[%emt 00:00:34]} Qg1+ {[%clk 00:33:25]} {[%emt 00:00:05]}
43. Kf3 {[%clk 00:30:20]} {[%emt 00:00:32]} Qg4+ {[%clk 00:33:46]} {[%emt
00:00:10]} 44. Ke3 {[%clk 00:30:24]} {[%emt 00:00:26]} Be7 {[%clk 00:32:41]}
{[%emt 00:01:35]} 45. Qd5+ {[%clk 00:27:54]} {[%emt 00:03:00]} Kg7 {[%clk
00:32:20]} {[%emt 00:00:51]} 46. Qe5+ {[%clk 00:26:21]} {[%emt 00:02:03]} Bf6
{[%clk 00:32:35]} {[%emt 00:00:15]} 47. Qc7+ {[%clk 00:26:48]} {[%emt
00:00:02]} Kh6 {[%clk 00:32:48]} {[%emt 00:00:16]} 48. f3 {[%clk 00:26:51]}
{[%emt 00:00:28]} Qg1+ {[%clk 00:32:19]} {[%emt 00:01:00]} 49. Ke2 {[%clk
00:26:53]} {[%emt 00:00:28]} Bg5 {[%clk 00:32:31]} {[%emt 00:00:17]} 50. h4
{[%clk 00:26:56]} {[%emt 00:00:28]} Qe3+ {[%clk 00:32:49]} {[%emt 00:00:12]}
51. Kf1 {[%clk 00:27:23]} {[%emt 00:00:03]} Qxf3+ {[%clk 00:33:10]} {[%emt
00:00:08]} 52. Ke1 {[%clk 00:27:16]} {[%emt 00:00:37]} Qxe4+ {[%clk 00:33:28]}
{[%emt 00:00:13]} 53. Kf1 {[%clk 00:27:01]} {[%emt 00:00:44]} Bxh4 {[%clk
00:33:47]} {[%emt 00:00:11]} 54. Qc1+ {[%clk 00:27:05]} {[%emt 00:00:27]} Bg5
{[%clk 00:34:06]} {[%emt 00:00:11]} 55. Qc3 {[%clk 00:27:27]} {[%emt 00:00:07]}
Qf4+ {[%clk 00:34:11]} {[%emt 00:00:25]} 56. Kg2 {[%clk 00:27:23]} {[%emt
00:00:35]} Qd2+ {[%clk 00:34:31]} {[%emt 00:00:10]} 0-1

[Event "DVM U16 2018"]
[Site "Aurich GER"]
[Date "2018.12.27"]
[Round "2"]
[White "Striebeck, Enno"]
[Black "Biermann, Florian"]
[Result "0-1"]
[Termination "normal"]
[Board "2.3"]
[WhiteElo "1681"]
[BlackElo "2054"]
[WhiteClock "00:14:10"]
[BlackClock "01:00:48"]
[WhiteTeam "TuRa Harksheide Norderstedt"]
[BlackTeam "SG Bochum"]
[PlyCount "80"]
[WhiteFideId "16254988"]
[BlackFideId "12970069"]
[EventCountry "GER"]
[EventRounds "7"]
[EventType "team-swiss"]
[EventDate "2018.12.26"]

1. d4 {[%clk 01:30:56]} {[%emt 00:00:02]} Nf6 {[%clk 01:30:38]} {[%emt
00:00:22]} 2. c4 {[%clk 01:31:07]} {[%emt 00:00:20]} g6 {[%clk 01:31:03]}
{[%emt 00:00:06]} 3. Nc3 {[%clk 01:31:06]} {[%emt 00:00:30]} Bg7 {[%clk
01:31:27]} {[%emt 00:00:06]} 4. Nf3 {[%clk 01:31:29]} {[%emt 00:00:06]} d6
{[%clk 01:31:50]} {[%emt 00:00:08]} 5. e4 {[%clk 01:31:01]} {[%emt 00:00:58]}
O-O {[%clk 01:32:12]} {[%emt 00:00:08]} 6. Be2 {[%clk 01:31:19]} {[%emt
00:00:12]} e5 {[%clk 01:32:32]} {[%emt 00:00:10]} 7. d5 {[%clk 01:30:27]}
{[%emt 00:01:21]} a5 {[%clk 01:32:49]} {[%emt 00:00:14]} 8. O-O {[%clk
01:30:33]} {[%emt 00:00:24]} Na6 {[%clk 01:33:09]} {[%emt 00:00:10]} 9. b3
{[%clk 01:26:16]} {[%emt 00:04:46]} Nh5 {[%clk 01:32:48]} {[%emt 00:00:51]} 10.
Ne1 {[%clk 01:19:23]} {[%emt 00:07:23]} Nf4 {[%clk 01:30:51]} {[%emt 00:02:28]}
11. Bxf4 {[%clk 01:19:35]} {[%emt 00:00:17]} exf4 {[%clk 01:31:14]} {[%emt
00:00:07]} 12. Qd2 {[%clk 01:15:56]} {[%emt 00:04:08]} f5 {[%clk 01:30:23]}
{[%emt 00:01:23]} 13. f3 {[%clk 01:12:45]} {[%emt 00:03:40]} fxe4 {[%clk
01:27:08]} {[%emt 00:03:45]} 14. fxe4 {[%clk 01:13:01]} {[%emt 00:00:14]} Nc5
{[%clk 01:27:17]} {[%emt 00:00:20]} 15. Bf3 {[%clk 01:13:18]} {[%emt 00:00:13]}
g5 {[%clk 01:26:44]} {[%emt 00:01:04]} 16. h3 {[%clk 01:11:06]} {[%emt
00:02:41]} Qf6 {[%clk 01:18:47]} {[%emt 00:08:27]} 17. Rc1 {[%clk 01:06:55]}
{[%emt 00:04:41]} Bd7 {[%clk 01:19:00]} {[%emt 00:00:18]} 18. Ne2 {[%clk
00:56:49]} {[%emt 00:10:35]} Rae8 {[%clk 01:18:24]} {[%emt 00:01:07]} 19. Qc2
{[%clk 00:56:59]} {[%emt 00:00:20]} Qb2 {[%clk 01:15:36]} {[%emt 00:03:18]} 20.
Qxb2 {[%clk 00:41:00]} {[%emt 00:16:28]} Bxb2 {[%clk 01:15:34]} {[%emt
00:00:33]} 21. Rb1 {[%clk 00:41:20]} {[%emt 00:00:10]} Bg7 {[%clk 01:15:40]}
{[%emt 00:00:24]} 22. b4 {[%clk 00:41:38]} {[%emt 00:00:11]} axb4 {[%clk
01:15:55]} {[%emt 00:00:15]} 23. Rxb4 {[%clk 00:42:01]} {[%emt 00:00:07]} b6
{[%clk 01:16:11]} {[%emt 00:00:14]} 24. Kf2 {[%clk 00:41:46]} {[%emt 00:00:46]}
Nxe4+ {[%clk 01:16:21]} {[%emt 00:00:20]} 25. Bxe4 {[%clk 00:42:08]} {[%emt
00:00:08]} Rxe4 {[%clk 01:16:43]} {[%emt 00:00:08]} 26. Nf3 {[%clk 00:42:22]}
{[%emt 00:00:16]} Rfe8 {[%clk 01:16:18]} {[%emt 00:00:55]} 27. Nc1 {[%clk
00:41:02]} {[%emt 00:01:49]} h6 {[%clk 01:12:29]} {[%emt 00:04:19]} 28. Kg1
{[%clk 00:32:47]} {[%emt 00:08:46]} Bc3 {[%clk 01:06:33]} {[%emt 00:06:25]} 29.
Rb3 {[%clk 00:31:09]} {[%emt 00:02:09]} Bd4+ {[%clk 01:05:11]} {[%emt
00:01:52]} 30. Kh2 {[%clk 00:30:02]} {[%emt 00:01:37]} Be3 {[%clk 01:05:13]}
{[%emt 00:00:28]} 31. Rc3 {[%clk 00:28:05]} {[%emt 00:02:27]} Bf5 {[%clk
01:03:51]} {[%emt 00:01:53]} 32. Rd1 {[%clk 00:26:11]} {[%emt 00:02:23]} Ra8
{[%clk 01:02:18]} {[%emt 00:02:02]} 33. a3 {[%clk 00:24:34]} {[%emt 00:02:08]}
Ra4 {[%clk 01:02:09]} {[%emt 00:00:39]} 34. Nd3 {[%clk 00:16:21]} {[%emt
00:08:43]} Rexc4 {[%clk 01:01:04]} {[%emt 00:01:35]} 35. Rxc4 {[%clk 00:16:17]}
{[%emt 00:00:35]} Rxc4 {[%clk 01:01:26]} {[%emt 00:00:08]} 36. Nb4 {[%clk
00:16:38]} {[%emt 00:00:08]} Be4 {[%clk 01:00:41]} {[%emt 00:01:16]} 37. Nd2
{[%clk 00:15:19]} {[%emt 00:01:49]} Rd4 {[%clk 01:00:23]} {[%emt 00:00:48]} 38.
Nxe4 {[%clk 00:13:59]} {[%emt 00:01:50]} Rxd1 {[%clk 01:00:43]} {[%emt
00:00:10]} 39. Na6 {[%clk 00:13:47]} {[%emt 00:00:42]} Bg1+ {[%clk 01:00:31]}
{[%emt 00:00:41]} 40. Kh1 {[%clk 00:14:10]} {[%emt 00:00:08]} Re1 {[%clk
01:00:48]} {[%emt 00:00:14]} 0-1

[Event "DVM U16 2018"]
[Site "Aurich GER"]
[Date "2018.12.27"]
[Round "2"]
[White "Prieb, Robert"]
[Black "Guo, Philipp Ziming"]
[Result "1-0"]
[Termination "normal"]
[Board "2.4"]
[WhiteTitle "CM"]
[WhiteElo "1802"]
[BlackElo "1501"]
[WhiteClock "00:28:52"]
[BlackClock "00:00:43"]
[WhiteTeam "SG Bochum"]
[BlackTeam "TuRa Harksheide Norderstedt"]
[PlyCount "115"]
[WhiteFideId "16212002"]
[BlackFideId "16245199"]
[EventCountry "GER"]
[EventRounds "7"]
[EventType "team-swiss"]
[EventDate "2018.12.26"]

1. d4 {[%clk 01:30:54]} {[%emt 00:00:05]} Nf6 {[%clk 01:30:50]} {[%emt
00:00:11]} 2. c4 {[%clk 01:31:13]} {[%emt 00:00:12]} e6 {[%clk 01:31:11]}
{[%emt 00:00:08]} 3. Nc3 {[%clk 01:31:28]} {[%emt 00:00:15]} Bb4 {[%clk
01:31:23]} {[%emt 00:00:18]} 4. Qc2 {[%clk 01:31:41]} {[%emt 00:00:18]} O-O
{[%clk 01:31:27]} {[%emt 00:00:26]} 5. a3 {[%clk 01:31:50]} {[%emt 00:00:21]}
Bxc3+ {[%clk 01:31:13]} {[%emt 00:00:44]} 6. Qxc3 {[%clk 01:32:07]} {[%emt
00:00:13]} b6 {[%clk 01:31:20]} {[%emt 00:00:23]} 7. Bg5 {[%clk 01:31:31]}
{[%emt 00:01:05]} h6 {[%clk 01:30:48]} {[%emt 00:01:02]} 8. Bh4 {[%clk
01:31:25]} {[%emt 00:00:37]} Bb7 {[%clk 01:30:05]} {[%emt 00:01:13]} 9. f3
{[%clk 01:31:12]} {[%emt 00:00:43]} d5 {[%clk 01:29:30]} {[%emt 00:01:03]} 10.
e3 {[%clk 01:30:18]} {[%emt 00:01:25]} Nbd7 {[%clk 01:27:38]} {[%emt 00:02:22]}
11. Bd3 {[%clk 01:28:01]} {[%emt 00:02:47]} Re8 {[%clk 01:17:31]} {[%emt
00:10:37]} 12. cxd5 {[%clk 01:26:07]} {[%emt 00:02:24]} exd5 {[%clk 01:17:12]}
{[%emt 00:00:48]} 13. Ne2 {[%clk 01:26:01]} {[%emt 00:00:36]} Rc8 {[%clk
01:00:50]} {[%emt 00:16:52]} 14. O-O {[%clk 01:21:42]} {[%emt 00:04:48]} Qe7
{[%clk 00:55:34]} {[%emt 00:05:46]} 15. Bf2 {[%clk 01:20:54]} {[%emt 00:01:17]}
c5 {[%clk 00:55:01]} {[%emt 00:01:05]} 16. Qd2 {[%clk 01:14:06]} {[%emt
00:07:18]} c4 {[%clk 00:43:02]} {[%emt 00:12:29]} 17. Bc2 {[%clk 01:12:42]}
{[%emt 00:01:55]} b5 {[%clk 00:42:52]} {[%emt 00:00:39]} 18. Nc3 {[%clk
01:09:28]} {[%emt 00:03:44]} a6 {[%clk 00:41:35]} {[%emt 00:01:47]} 19. Rfe1
{[%clk 01:06:16]} {[%emt 00:03:42]} Nb6 {[%clk 00:33:03]} {[%emt 00:09:03]} 20.
h3 {[%clk 01:03:12]} {[%emt 00:03:33]} Bc6 {[%clk 00:26:21]} {[%emt 00:07:12]}
21. e4 {[%clk 00:58:55]} {[%emt 00:04:47]} Qf8 {[%clk 00:20:50]} {[%emt
00:06:01]} 22. e5 {[%clk 00:56:55]} {[%emt 00:02:30]} Nh7 {[%clk 00:20:50]}
{[%emt 00:00:29]} 23. f4 {[%clk 00:55:33]} {[%emt 00:01:53]} Bd7 {[%clk
00:18:37]} {[%emt 00:02:44]} 24. f5 {[%clk 00:51:32]} {[%emt 00:04:30]} Rc6
{[%clk 00:15:52]} {[%emt 00:03:15]} 25. Re3 {[%clk 00:50:45]} {[%emt 00:01:17]}
Kh8 {[%clk 00:14:23]} {[%emt 00:01:59]} 26. Rg3 {[%clk 00:48:47]} {[%emt
00:02:28]} Nc8 {[%clk 00:13:38]} {[%emt 00:01:16]} 27. Be3 {[%clk 00:45:42]}
{[%emt 00:03:34]} Ne7 {[%clk 00:09:36]} {[%emt 00:04:31]} 28. Rf1 {[%clk
00:42:52]} {[%emt 00:03:21]} f6 {[%clk 00:06:20]} {[%emt 00:03:47]} 29. e6
{[%clk 00:42:21]} {[%emt 00:01:00]} Bc8 {[%clk 00:05:52]} {[%emt 00:00:57]} 30.
h4 {[%clk 00:40:37]} {[%emt 00:02:15]} Rd8 {[%clk 00:03:54]} {[%emt 00:02:29]}
31. Rf4 {[%clk 00:36:38]} {[%emt 00:04:28]} Rc7 {[%clk 00:02:39]} {[%emt
00:01:45]} 32. Rfg4 {[%clk 00:33:41]} {[%emt 00:03:26]} Ng8 {[%clk 00:02:05]}
{[%emt 00:01:05]} 33. Rg6 {[%clk 00:30:27]} {[%emt 00:03:44]} Bb7 {[%clk
00:00:44]} {[%emt 00:01:51]} 34. Bf4 {[%clk 00:29:39]} {[%emt 00:01:17]} Re7
{[%clk 00:01:01]} {[%emt 00:00:14]} 35. Qe2 {[%clk 00:26:25]} {[%emt 00:03:44]}
Bc6 {[%clk 00:01:00]} {[%emt 00:00:31]} 36. Qg4 {[%clk 00:24:18]} {[%emt
00:02:36]} Be8 {[%clk 00:01:00]} {[%emt 00:00:31]} 37. Qh3 {[%clk 00:22:56]}
{[%emt 00:01:52]} Ra7 {[%clk 00:00:40]} {[%emt 00:00:50]} 38. Bd1 {[%clk
00:22:24]} {[%emt 00:01:02]} Re7 {[%clk 00:00:40]} {[%emt 00:00:30]} 39. Bf3
{[%clk 00:21:19]} {[%emt 00:01:34]} Bc6 {[%clk 00:00:41]} {[%emt 00:00:30]} 40.
Nd1 {[%clk 00:19:21]} {[%emt 00:02:28]} Be8 {[%clk 00:00:46]} {[%emt 00:00:25]}
41. Ne3 {[%clk 00:19:15]} {[%emt 00:00:35]} Bc6 {[%clk 00:29:31]} {[%emt
00:02:15]} 42. Kh2 {[%clk 00:44:01]} {[%emt 00:06:45]} a5 {[%clk 00:27:42]}
{[%emt 00:02:19]} 43. Nc2 {[%clk 00:42:56]} {[%emt 00:01:34]} Ra7 {[%clk
00:24:56]} {[%emt 00:03:16]} 44. Bd2 {[%clk 00:42:01]} {[%emt 00:01:26]} Rb8
{[%clk 00:18:07]} {[%emt 00:07:18]} 45. Ne3 {[%clk 00:38:38]} {[%emt 00:03:54]}
Rd8 {[%clk 00:17:19]} {[%emt 00:01:18]} 46. Qg4 {[%clk 00:33:35]} {[%emt
00:05:33]} b4 {[%clk 00:07:26]} {[%emt 00:10:23]} 47. axb4 {[%clk 00:32:14]}
{[%emt 00:01:51]} a4 {[%clk 00:07:41]} {[%emt 00:00:14]} 48. b5 {[%clk
00:31:25]} {[%emt 00:01:20]} Ba8 {[%clk 00:05:39]} {[%emt 00:02:32]} 49. Bb4
{[%clk 00:31:22]} {[%emt 00:00:33]} Qxb4 {[%clk 00:04:17]} {[%emt 00:01:52]}
50. Rxg7 {[%clk 00:31:40]} {[%emt 00:00:12]} Qf8 {[%clk 00:01:32]} {[%emt
00:03:16]} 51. Rxa7 {[%clk 00:31:46]} {[%emt 00:00:24]} Ne7 {[%clk 00:00:59]}
{[%emt 00:01:03]} 52. Rd7 {[%clk 00:31:12]} {[%emt 00:01:04]} Rc8 {[%clk
00:00:48]} {[%emt 00:00:41]} 53. Bxd5 {[%clk 00:30:47]} {[%emt 00:00:54]} Bxd5
{[%clk 00:00:49]} {[%emt 00:00:29]} 54. Nxd5 {[%clk 00:31:03]} {[%emt
00:00:15]} Nxd5 {[%clk 00:00:55]} {[%emt 00:00:24]} 55. Rxd5 {[%clk 00:31:19]}
{[%emt 00:00:13]} c3 {[%clk 00:00:36]} {[%emt 00:00:50]} 56. bxc3 {[%clk
00:28:17]} {[%emt 00:03:31]} a3 {[%emt 00:00:27]} 57. Rd7 {[%clk 00:28:36]}
{[%emt 00:00:09]} Ra8 {[%clk 00:00:43]} {[%emt 00:00:28]} 58. e7 {[%clk
00:28:52]} {[%emt 00:00:14]} 1-0